Kosma Król - POLOT - Statystyki

Ogólne statystyki
  • Ten quiz został rozwiązany 3 razy
  • Średni wynik to 10 z 19
Statystyki odpowiedzi
POLOT % Poprawnych
POLOT
100%
STILO
100%
180
50%
AJAJAJ
50%
CELIBAT FREESTYLE
50%
DUMBLE
50%
GREENPOINT
50%
KIJ
50%
NA OSI
50%
NOWA SZKÓŁKA
50%
Pamiętniki Pigmejów
50%
PUKŁADAĆWYRAZ
50%
PUŁAP
50%
ROOKIE
50%
szybkistorytelling
50%
tom i jerry
50%
W DRODZE NA RAP
50%
WYCHODZĘ
50%
PYSZNA GADKA
0%
Nie znaleziono quizów pasujących do podanych kryteriów
Rozkład punktacji
Procent ludzi z każdym wynikiem
Percentyl według liczby udzielonych odpowiedzi
Twoja historia wyników
Nie rozwiązałeś tego quizu